[Event "Trumpeter op"]
[Site "Grande Prairie CAN"]
[Date "2008.01.26"]
[Round "3"]
[White "Wong, Ford"]
[Black "Rekhson, Vladislav"]
[Result "0-1"]
[WhiteElo "1783"]
[BlackElo "2106"]
[PlyCount "56"]
[GameId "2160767910442425"]
[EventDate "2008.01.26"]
[EventType "swiss"]
[EventRounds "5"]
[EventCountry "CAN"]
[SourceTitle "EXT 2011"]
[Source "ChessBase"]
[SourceDate "2011.11.26"]
[SourceVersion "1"]
[SourceVersionDate "2011.11.26"]
[SourceQuality "1"]

1. d4 Nf6 2. c4 c5 3. d5 b5 4. cxb5 a6 5. bxa6 d6 6. Nc3 Bxa6 7. f4 g6 8. Nf3 Bg7 9. e4 Bxf1 10. Rxf1 O-O 11. Kf2 Qb6 12. Kg1 Nbd7 13. h3 c4+ 14. Kh1 Nc5 15. Qe2 Nd3 16. e5 Nh5 17. Kh2 Nxc1 18. Raxc1 Nxf4 19. Qxc4 dxe5 20. Na4 Qb8 21. b3 e4 22. g3 Nh5 23. Qc7 exf3 24. Qxb8 Rfxb8 25. Rce1 Rxa4 26. bxa4 Rb2+ 27. Kg1 Rg2+ 28. Kh1 Nxg3# 0-1

[Event "Trumpeter op"]
[Site "Grande Prairie CAN"]
[Date "2008.01.27"]
[Round "4"]
[White "Braitanbach, Rick"]
[Black "MacKinnon, Don"]
[Result "1/2-1/2"]
[WhiteElo "1126"]
[BlackElo "1268"]
[PlyCount "74"]
[GameId "2160767910442426"]
[EventDate "2008.01.26"]
[EventType "swiss"]
[EventRounds "5"]
[EventCountry "CAN"]
[SourceTitle "EXT 2011"]
[Source "ChessBase"]
[SourceDate "2011.11.26"]
[SourceVersion "1"]
[SourceVersionDate "2011.11.26"]
[SourceQuality "1"]

1. e4 e6 2. Nc3 Bb4 3. a3 Bxc3 4. bxc3 d5 5. e5 c5 6. d4 c4 7. Nf3 Nc6 8. Be2 Nge7 9. Bg5 O-O 10. Qd2 h6 11. Bxh6 gxh6 12. Qxh6 Nf5 13. Qh5 f6 14. g4 Ng7 15. Qh6 Kf7 16. Nh4 Rh8 17. Qg6+ Kg8 18. exf6 Qd7 19. Nf3 Qf7 20. Qxf7+ Kxf7 21. fxg7 Kxg7 22. h4 Bd7 23. Ng5 Raf8 24. f3 Kf6 25. f4 Ke7 26. O-O-O Rxf4 27. Rdf1 Rxf1+ 28. Bxf1 Rf8 29. h5 Rf2 30. Kd1 Nd8 31. h6 Rf8 32. Bg2 Rh8 33. Nf3 Nf7 34. g5 Kf8 35. Ke2 Ba4 36. Kd2 Be8 37. Ke3 Ba4 1/2-1/2

[Event "Trumpeter op"]
[Site "Grande Prairie CAN"]
[Date "2008.01.27"]
[Round "4"]
[White "Caughlin, Wade"]
[Black "Pua, Richard"]
[Result "1-0"]
[WhiteElo "1757"]
[BlackElo "1952"]
[PlyCount "57"]
[GameId "2160767910442427"]
[EventDate "2008.01.26"]
[EventType "swiss"]
[EventRounds "5"]
[EventCountry "CAN"]
[SourceTitle "EXT 2011"]
[Source "ChessBase"]
[SourceDate "2011.11.26"]
[SourceVersion "1"]
[SourceVersionDate "2011.11.26"]
[SourceQuality "1"]

1. e4 e5 2. Nf3 Nc6 3. Bb5 g6 4. O-O Bg7 5. c3 a6 6. Ba4 d6 7. h3 Bd7 8. d4 Nge7 9. Bg5 b5 10. Bc2 O-O 11. d5 Na5 12. Nh2 h6 13. Bc1 f5 14. f4 exf4 15. exf5 Bxf5 16. Bxf5 Rxf5 17. Bxf4 Rxd5 18. Qe2 Qd7 19. Nd2 Rf5 20. Ng4 Kh7 21. Bxh6 Ng8 22. Bxg7 Kxg7 23. Rxf5 gxf5 24. Ne3 Nf6 25. Rf1 Re8 26. Qf2 Nc6 27. Nxf5+ Kh8 28. Nh6 Nh7 29. Nf7+ 1-0

[Event "Trumpeter op"]
[Site "Grande Prairie CAN"]
[Date "2008.01.27"]
[Round "4"]
[White "Deimert, Elroy"]
[Black "Lefkowitz, Phil"]
[Result "0-1"]
[WhiteElo "1594"]
[BlackElo "1695"]
[PlyCount "92"]
[GameId "2160767910442428"]
[EventDate "2008.01.26"]
[EventType "swiss"]
[EventRounds "5"]
[EventCountry "CAN"]
[SourceTitle "EXT 2011"]
[Source "ChessBase"]
[SourceDate "2011.11.26"]
[SourceVersion "1"]
[SourceVersionDate "2011.11.26"]
[SourceQuality "1"]

1. e4 c6 2. Nf3 d5 3. exd5 cxd5 4. d4 Bf5 5. Bb5+ Bd7 6. Nc3 Bxb5 7. Nxb5 a6 8. Nc3 e6 9. a3 Bd6 10. Qe2 Nf6 11. Bg5 O-O 12. h4 Be7 13. Qd3 Nbd7 14. Ne5 Nxe5 15. dxe5 Ng4 16. f4 f6 17. exf6 gxf6 18. Qg3 h5 19. Bh6 Rf7 20. f5 e5 21. O-O-O d4 22. Ne4 Rh7 23. Bd2 Qd5 24. Bb4 Qxe4 25. Qb3+ Kf8 26. Rde1 Qc6 27. Bd2 Rc8 28. Re2 Qc4 29. Qxc4 Rxc4 30. Rf1 d3 31. Ree1 Rxc2+ 32. Kd1 Rxb2 33. Bb4 Bxb4 34. axb4 Rb1+ 35. Kd2 Rxe1 36. Rxe1 Rd7 37. Re4 Nf2 38. Rc4 Ke7 39. Rc1 Kd8 40. Rf1 Ng4 41. Rf3 b5 42. Rxd3 Rxd3+ 43. Kxd3 Kd7 44. Ke4 Kd6 45. g3 Nh6 46. Kf3 Kd5 0-1

[Event "Trumpeter op"]
[Site "Grande Prairie CAN"]
[Date "2008.01.27"]
[Round "4"]
[White "MacKinnon, Keith"]
[Black "Douglas, Trent"]
[Result "1-0"]
[WhiteElo "2081"]
[BlackElo "1483"]
[PlyCount "101"]
[GameId "2160767910442429"]
[EventDate "2008.01.26"]
[EventType "swiss"]
[EventRounds "5"]
[EventCountry "CAN"]
[SourceTitle "EXT 2011"]
[Source "ChessBase"]
[SourceDate "2011.11.26"]
[SourceVersion "1"]
[SourceVersionDate "2011.11.26"]
[SourceQuality "1"]

1. e4 e5 2. Nf3 Nc6 3. Bb5 Nge7 4. O-O d6 5. d4 a6 6. Ba4 b5 7. Bb3 Nxd4 8. Nxd4 exd4 9. a4 Bb7 10. axb5 axb5 11. Rxa8 Qxa8 12. Qh5 Ng6 13. Qxb5+ Bc6 14. Qf5 d5 15. exd5 Bd7 16. Qe4+ Be7 17. Qxd4 O-O 18. Nc3 Bd6 19. Re1 Re8 20. Rxe8+ Qxe8 21. Qe4 Qxe4 22. Nxe4 Be5 23. c3 Nf4 24. Bxf4 Bxf4 25. Bc2 c6 26. Nc5 Be8 27. Ba4 Bd6 28. Nd3 f6 29. dxc6 Bg6 30. Nb4 Kf8 31. Nd5 Be8 32. c7 Bxc7 33. Bxe8 Be5 34. Bd7 Kf7 35. b4 g5 36. c4 Kg6 37. c5 f5 38. b5 f4 39. c6 h5 40. b6 g4 41. c7 g3 42. c8=Q gxh2+ 43. Kxh2 f3+ 44. g3 h4 45. Bf5+ Kf7 46. Qe6+ Kf8 47. Qe7+ Kg8 48. Be6+ Kh8 49. Qf7 hxg3+ 50. Kh3 g2 51. Qg8# 1-0

[Event "Trumpeter op"]
[Site "Grande Prairie CAN"]
[Date "2008.01.27"]
[Round "4"]
[White "Pedersen, Rick"]
[Black "Panteluk, Steven"]
[Result "1-0"]
[WhiteElo "1946"]
[BlackElo "1715"]
[PlyCount "65"]
[GameId "2160767910442432"]
[EventDate "2008.01.26"]
[EventType "swiss"]
[EventRounds "5"]
[EventCountry "CAN"]
[SourceTitle "EXT 2011"]
[Source "ChessBase"]
[SourceDate "2011.11.26"]
[SourceVersion "1"]
[SourceVersionDate "2011.11.26"]
[SourceQuality "1"]

1. e4 c5 2. Nf3 Nc6 3. d4 cxd4 4. Nxd4 d6 5. Bc4 Nf6 6. Nc3 g6 7. Bb3 Bg7 8. Be3 Na5 9. Ba4+ Bd7 10. Bxd7+ Qxd7 11. f3 Nc4 12. Qc1 O-O 13. Bf2 Rac8 14. O-O b6 15. Rd1 Nh5 16. Nd5 e6 17. Ne3 Bh6 18. c3 Nf4 19. Ng4 Nh3+ 20. gxh3 Bxc1 21. Nf6+ Kg7 22. Nxd7 Bxb2 23. Nxf8 Bxa1 24. Nfxe6+ fxe6 25. Rxa1 e5 26. Ne2 Nd2 27. Kg2 Rf8 28. Ng1 g5 29. Be3 Nxf3 30. Nxf3 Rxf3 31. Kxf3 g4+ 32. hxg4 h5 33. gxh5 1-0

[Event "Trumpeter op"]
[Site "Grande Prairie CAN"]
[Date "2008.01.27"]
[Round "4"]
[White "Pradzinski, Tim"]
[Black "Apotre, Justin"]
[Result "1-0"]
[WhiteElo "1857"]
[BlackElo "1100"]
[PlyCount "45"]
[GameId "2160767910442433"]
[EventDate "2008.01.26"]
[EventType "swiss"]
[EventRounds "5"]
[EventCountry "CAN"]
[SourceTitle "EXT 2011"]
[Source "ChessBase"]
[SourceDate "2011.11.26"]
[SourceVersion "1"]
[SourceVersionDate "2011.11.26"]
[SourceQuality "1"]

1. e4 Nc6 2. f4 e5 3. Nf3 d6 4. Nc3 Nf6 5. Bc4 Be6 6. Bxe6 fxe6 7. d3 d5 8. fxe5 dxe4 9. exf6 Qxf6 10. Nxe4 Qd8 11. O-O Qd5 12. Bg5 Be7 13. Bxe7 Nxe7 14. Nfg5 O-O-O 15. Nf7 Rhf8 16. Nxd8 Rxf1+ 17. Qxf1 Qxd8 18. Qf7 Qg8 19. Qxe7 b6 20. Rf1 Qd8 21. Rf8 Qxf8 22. Qxf8+ Kb7 23. Qxg7 1-0

[Event "Trumpeter op"]
[Site "Grande Prairie CAN"]
[Date "2008.01.27"]
[Round "4"]
[White "Regimbald, Adrien"]
[Black "Kazakevich, Anastasia"]
[Result "1/2-1/2"]
[WhiteElo "1976"]
[BlackElo "2152"]
[PlyCount "126"]
[GameId "2160767910442434"]
[EventDate "2008.01.26"]
[EventType "swiss"]
[EventRounds "5"]
[EventCountry "CAN"]
[SourceTitle "EXT 2011"]
[Source "ChessBase"]
[SourceDate "2011.11.26"]
[SourceVersion "1"]
[SourceVersionDate "2011.11.26"]
[SourceQuality "1"]

1. d4 d5 2. c4 e6 3. Nf3 Nf6 4. Bg5 Be7 5. e3 c6 6. Nbd2 Nbd7 7. Bd3 dxc4 8. Nxc4 b5 9. Nce5 Nxe5 10. Nxe5 Qa5+ 11. Ke2 Qb6 12. Rc1 Bb7 13. Qb3 Nd5 14. Bxe7 Nxe7 15. Rhd1 Rd8 16. Kf1 O-O 17. Rc5 Rd6 18. Rdc1 g6 19. h4 Rfd8 20. Be4 Nd5 21. Qd1 Nf6 22. Bxc6 Bxc6 23. Rxc6 Rxc6 24. Rxc6 Qa5 25. a3 b4 26. Qf3 Kg7 27. Rc5 Qa6+ 28. Kg1 Rf8 29. axb4 Qa1+ 30. Kh2 Qxb2 31. Ra5 Qxb4 32. Rxa7 Qb8 33. Rb7 Qe8 34. Ra7 Qb8 35. Rb7 Qe8 36. g3 h5 37. Ra7 Qb8 38. Qxf6+ Kxf6 39. Nd7+ Kg7 40. Nxb8 Rxb8 41. Kg2 Rb2 42. Ra3 Rd2 43. Kf3 Kf6 44. Rc3 Kg7 45. Rc1 Kf6 46. Re1 Kg7 47. Re2 Rd1 48. Rc2 Rd3 49. Ke2 Ra3 50. Rd2 f5 51. Kf3 Kf6 52. Kf4 Ra5 53. e4 fxe4 54. Kxe4 Rf5 55. f3 Ra5 56. d5 exd5+ 57. Rxd5 Ra4+ 58. Rd4 Ra3 59. Rd6+ Kf7 60. Kf4 Kg7 61. Kg5 Ra5+ 62. Kf4 Ra4+ 63. Ke3 Ra3+ 1/2-1/2

[Event "Trumpeter op"]
[Site "Grande Prairie CAN"]
[Date "2008.01.27"]
[Round "4"]
[White "Rekhson, Vladislav"]
[Black "Hughey, Micah"]
[Result "1-0"]
[WhiteElo "2106"]
[BlackElo "2056"]
[PlyCount "129"]
[GameId "2160767910442435"]
[EventDate "2008.01.26"]
[EventType "swiss"]
[EventRounds "5"]
[EventCountry "CAN"]
[SourceTitle "EXT 2011"]
[Source "ChessBase"]
[SourceDate "2011.11.26"]
[SourceVersion "1"]
[SourceVersionDate "2011.11.26"]
[SourceQuality "1"]

1. e4 e5 2. Nf3 Nc6 3. Bb5 a6 4. Ba4 Nf6 5. d3 d6 6. O-O g6 7. c3 Bg7 8. h3 O-O 9. Bg5 Re8 10. Qc1 b5 11. Bb3 Na5 12. Bd1 c5 13. Ne1 Ra7 14. b4 cxb4 15. Be3 Ra8 16. cxb4 Nb7 17. a4 Bd7 18. a5 Rc8 19. Qd2 d5 20. Bg5 Bc6 21. exd5 Qxd5 22. Nc3 Qd6 23. Rb1 Nd8 24. Bf3 Ne6 25. Bxf6 Bxf6 26. Bxc6 Qxc6 27. Ne4 Bg7 28. Nf3 Red8 29. Qe3 Qd5 30. Rbc1 Rxc1 31. Rxc1 Qxd3 32. Qxd3 Rxd3 33. Rc8+ Bf8 34. Nxe5 Rd1+ 35. Kh2 Rd4 36. Nf6+ Kg7 37. Ne8+ Kg8 38. Nc6 Rf4 39. Kg3 g5 40. Ra8 h5 41. Rxa6 h4+ 42. Kh2 Rxf2 43. Rb6 Nf4 44. a6 Rxg2+ 45. Kh1 Rf2 46. a7 Rf1+ 47. Kh2 Rf2+ 48. Kg1 Nxh3+ 49. Kh1 g4 50. Nf6+ Rxf6 51. Ne7+ Bxe7 52. Rxf6 Bxf6 53. a8=Q+ Kg7 54. Qg2 Nf4 55. Qxg4+ Ng6 56. Qd7 Be5 57. Qxb5 h3 58. Qd3 h2 59. b5 Kf6 60. b6 Ne7 61. b7 Bb8 62. Qc4 Kg6 63. Qd3+ f5 64. Qd8 Nc6 65. Qb6 1-0

[Event "Trumpeter op"]
[Site "Grande Prairie CAN"]
[Date "2008.01.27"]
[Round "4"]
[White "Schech, Roland"]
[Black "Quiring, John"]
[Result "1-0"]
[WhiteElo "1651"]
[BlackElo "1848"]
[PlyCount "89"]
[GameId "2160767910442436"]
[EventDate "2008.01.26"]
[EventType "swiss"]
[EventRounds "5"]
[EventCountry "CAN"]
[SourceTitle "EXT 2011"]
[Source "ChessBase"]
[SourceDate "2011.11.26"]
[SourceVersion "1"]
[SourceVersionDate "2011.11.26"]
[SourceQuality "1"]

1. e4 e5 2. Nc3 Nc6 3. f4 exf4 4. Nf3 d6 5. d4 g5 6. Bc4 g4 7. O-O gxf3 8. Qxf3 Bh6 9. Qh5 Qf6 10. e5 Qf5 11. Qd1 Bd7 12. g3 dxe5 13. dxe5 Nxe5 14. Qe2 O-O-O 15. Bd5 f3 16. Bxf3 Nxf3+ 17. Rxf3 Qc5+ 18. Be3 Bxe3+ 19. Qxe3 Qxe3+ 20. Rxe3 Be6 21. a4 Rd2 22. Re2 Rxe2 23. Nxe2 Nf6 24. Nf4 Rd8 25. Re1 Rd6 26. Nd3 b6 27. Rf1 Bc4 28. Rf4 Bxd3 29. cxd3 Kd7 30. d4 Ke6 31. Kf2 Rd5 32. Ke3 Ra5 33. Kd3 Rxa4 34. d5+ Kxd5 35. Rxa4 a5 36. Rf4 Ke5 37. Kc4 c6 38. Rf1 Ne4 39. Re1 Kf5 40. Kd4 Ng5 41. Rf1+ Kg4 42. Rf4+ Kh3 43. Rh4+ Kg2 44. Ke3 f6 45. Rh6 1-0

[Event "Trumpeter op"]
[Site "Grande Prairie CAN"]
[Date "2008.01.27"]
[Round "4"]
[White "Stone, Garry"]
[Black "Kazakevich, Alexander"]
[Result "0-1"]
[WhiteElo "1427"]
[BlackElo "1635"]
[PlyCount "34"]
[GameId "2160767910442437"]
[EventDate "2008.01.26"]
[EventType "swiss"]
[EventRounds "5"]
[EventCountry "CAN"]
[SourceTitle "EXT 2011"]
[Source "ChessBase"]
[SourceDate "2011.11.26"]
[SourceVersion "1"]
[SourceVersionDate "2011.11.26"]
[SourceQuality "1"]

1. e4 d5 2. exd5 Qxd5 3. Nc3 Qa5 4. Nf3 Bg4 5. Be2 Nf6 6. b3 e6 7. Bb2 Nbd7 8. d3 Bb4 9. O-O Bxc3 10. Bxc3 Qxc3 11. Re1 O-O 12. h3 Bxf3 13. Bxf3 c6 14. Re4 Nxe4 15. Bxe4 Nf6 16. a4 Nxe4 17. dxe4 Rad8 0-1

[Event "Trumpeter op"]
[Site "Grande Prairie CAN"]
[Date "2008.01.27"]
[Round "4"]
[White "Stutzman, Larry"]
[Black "Tot, Nandor"]
[Result "0-1"]
[WhiteElo "1661"]
[BlackElo "1929"]
[PlyCount "102"]
[GameId "2160767910442438"]
[EventDate "2008.01.26"]
[EventType "swiss"]
[EventRounds "5"]
[EventCountry "CAN"]
[SourceTitle "EXT 2011"]
[Source "ChessBase"]
[SourceDate "2011.11.26"]
[SourceVersion "1"]
[SourceVersionDate "2011.11.26"]
[SourceQuality "1"]

1. c4 Nf6 2. Nc3 e5 3. g3 d5 4. cxd5 Nxd5 5. Bg2 Nb6 6. b3 Be7 7. Bb2 O-O 8. e3 Nc6 9. Nge2 f5 10. O-O Nb4 11. d4 e4 12. Nc1 a5 13. a3 N4d5 14. N1e2 Be6 15. Nxd5 Qxd5 16. Rc1 c6 17. Rc3 Qb5 18. Qc2 Nd5 19. Rc4 Rfd8 20. Rb1 Nb6 21. Rc3 a4 22. b4 Nd5 23. Bf1 Nxc3 24. Qxc3 Qc4 25. Qe1 Qd5 26. Nf4 Qd7 27. Nxe6 Qxe6 28. Qc3 Qd6 29. Bc4+ Kh8 30. Rd1 Bf6 31. Qc2 g5 32. d5 Kg7 33. Kf1 Bxb2 34. Qxb2+ Qf6 35. Qc2 Rd6 36. Rd4 Rad8 37. Qxa4 cxd5 38. Bb3 f4 39. Ke2 fxe3 40. fxe3 Qf3+ 41. Kd2 Qf2+ 42. Kc1 Qxe3+ 43. Rd2 Rc8+ 44. Kd1 Qg1+ 45. Ke2 Qg2+ 46. Ke1 Qg1+ 47. Ke2 Rc3 48. Rd1 Qe3+ 49. Kf1 Rxb3 50. Qe8 Rf6+ 51. Kg2 Qe2+ 0-1

[Event "Trumpeter op"]
[Site "Grande Prairie CAN"]
[Date "2008.01.27"]
[Round "4"]
[White "White, Chris"]
[Black "Miller, David"]
[Result "1-0"]
[WhiteElo "1634"]
[BlackElo "1330"]
[PlyCount "36"]
[GameId "2160767910442439"]
[EventDate "2008.01.26"]
[EventType "swiss"]
[EventRounds "5"]
[EventCountry "CAN"]
[SourceTitle "EXT 2011"]
[Source "ChessBase"]
[SourceDate "2011.11.26"]
[SourceVersion "1"]
[SourceVersionDate "2011.11.26"]
[SourceQuality "1"]

1. d4 Nf6 2. c4 e6 3. Nc3 Bb4 4. Qc2 O-O 5. Bg5 h6 6. Bh4 c6 7. e4 g5 8. Bg3 Bxc3+ 9. bxc3 Re8 10. Nf3 d6 11. Bd3 Kf8 12. e5 Nh5 13. exd6 Nxg3 14. hxg3 Qxd6 15. Rxh6 Nd7 16. Nxg5 Ke7 17. Rh7 Rf8 18. Bg6 Kf6 1-0

[Event "Trumpeter op"]
[Site "Grande Prairie CAN"]
[Date "2008.01.27"]
[Round "4"]
[White "Wong, Ford"]
[Black "Stone, Stephen"]
[Result "0-1"]
[WhiteElo "1783"]
[BlackElo "1408"]
[PlyCount "102"]
[GameId "2160767910442440"]
[EventDate "2008.01.26"]
[EventType "swiss"]
[EventRounds "5"]
[EventCountry "CAN"]
[SourceTitle "EXT 2011"]
[Source "ChessBase"]
[SourceDate "2011.11.26"]
[SourceVersion "1"]
[SourceVersionDate "2011.11.26"]
[SourceQuality "1"]

1. d4 g6 2. c4 Bg7 3. Nc3 d6 4. e4 Nf6 5. f3 O-O 6. Be3 b6 7. Bd3 Bb7 8. Nge2 Nbd7 9. Qd2 c5 10. d5 Ne5 11. h3 Nxd3+ 12. Qxd3 Nd7 13. f4 Ba6 14. O-O Qc7 15. a4 Rfe8 16. Ra2 Rad8 17. Nb5 Qb8 18. Nec3 Bc8 19. b3 Nf8 20. Raf2 a6 21. Na3 e6 22. Nc2 exd5 23. Nxd5 f5 24. exf5 Bxf5 25. Qd2 Nd7 26. g4 Be4 27. f5 gxf5 28. gxf5 Nf6 29. Bg5 Bxd5 30. Bxf6 Bxf6 31. Qxd5+ Kh8 32. Rd1 Rg8+ 33. Rg2 Be5 34. Ne1 Rdf8 35. Nf3 Rxg2+ 36. Kxg2 Rxf5 37. Nxe5 dxe5 38. Qd8+ Qxd8 39. Rxd8+ Kg7 40. Rd6 Rf6 41. Rd5 Re6 42. Rd7+ Kg6 43. a5 bxa5 44. Rc7 Kf5 45. Rxc5 Kf4 46. Rxa5 Ke3 47. Rd5 Ke2 48. c5 Rg6+ 49. Kh2 e4 50. Rd6 Rg8 51. Rxa6 e3 0-1

[Event "Trumpeter op"]
[Site "Grande Prairie CAN"]
[Date "2008.01.27"]
[Round "4"]
[White "Yearwood, Roy"]
[Black "Hansen, Eric"]
[Result "0-1"]
[WhiteElo "2101"]
[BlackElo "2286"]
[PlyCount "70"]
[GameId "2160767910442441"]
[EventDate "2008.01.26"]
[EventType "swiss"]
[EventRounds "5"]
[EventCountry "CAN"]
[SourceTitle "EXT 2011"]
[Source "ChessBase"]
[SourceDate "2011.11.26"]
[SourceVersion "1"]
[SourceVersionDate "2011.11.26"]
[SourceQuality "1"]

1. e4 d6 2. Nf3 Nf6 3. Nc3 e5 4. d4 Nbd7 5. Bc4 Be7 6. Qe2 O-O 7. dxe5 dxe5 8. O-O c6 9. Rd1 Qc7 10. Bg5 b5 11. Bb3 Nc5 12. Bxf6 Bxf6 13. Qe3 Be7 14. a4 b4 15. Ne2 Nd7 16. Rd2 Nf6 17. h3 c5 18. Bd5 Nxd5 19. Rxd5 f6 20. c3 Be6 21. Rd2 a5 22. Nh4 g6 23. f4 c4 24. Qg3 exf4 25. Qxf4 Qxf4 26. Nxf4 Bf7 27. Kh1 f5 28. Nf3 fxe4 29. Nd4 Bg5 30. Nde2 Rfd8 31. Rad1 Rd3 32. Nxd3 cxd3 33. Nd4 Bxd2 34. Rxd2 bxc3 35. bxc3 Bc4 0-1

[Event "Trumpeter op"]
[Site "Grande Prairie CAN"]
[Date "2008.01.27"]
[Round "5"]
[White "Apotre, Justin"]
[Black "Stutzman, Larry"]
[Result "0-1"]
[WhiteElo "1100"]
[BlackElo "1661"]
[PlyCount "54"]
[GameId "2160767910442442"]
[EventDate "2008.01.26"]
[EventType "swiss"]
[EventRounds "5"]
[EventCountry "CAN"]
[SourceTitle "EXT 2011"]
[Source "ChessBase"]
[SourceDate "2011.11.26"]
[SourceVersion "1"]
[SourceVersionDate "2011.11.26"]
[SourceQuality "1"]

1. d4 Nf6 2. Nf3 e6 3. e3 d5 4. Bd3 Bb4+ 5. c3 Ba5 6. b4 Bb6 7. O-O O-O 8. Nbd2 Nc6 9. Ne5 Nxe5 10. dxe5 Nd7 11. a4 c5 12. b5 Nxe5 13. Bc2 Bc7 14. e4 b6 15. Nb3 Bb7 16. f3 Qf6 17. a5 Rad8 18. axb6 Bxb6 19. f4 Ng6 20. g3 dxe4 21. Qe2 c4+ 22. Nd4 Rxd4 23. Bxe4 Rxe4+ 24. Be3 Qxc3 25. Bxb6 Rxe2 26. Ba5 Rg2+ 27. Kh1 Rxg3+ 0-1

[Event "Trumpeter op"]
[Site "Grande Prairie CAN"]
[Date "2008.01.27"]
[Round "5"]
[White "Braitanbach, Rick"]
[Black "Stone, Garry"]
[Result "1-0"]
[WhiteElo "1126"]
[BlackElo "1427"]
[PlyCount "69"]
[GameId "2160767910442443"]
[EventDate "2008.01.26"]
[EventType "swiss"]
[EventRounds "5"]
[EventCountry "CAN"]
[SourceTitle "EXT 2011"]
[Source "ChessBase"]
[SourceDate "2011.11.26"]
[SourceVersion "1"]
[SourceVersionDate "2011.11.26"]
[SourceQuality "1"]

1. e4 e5 2. Nf3 Nc6 3. Bc4 h6 4. Nc3 Nf6 5. d4 exd4 6. Nxd4 Bc5 7. Be3 O-O 8. Nxc6 Bxe3 9. Nxd8 Bb6 10. Nxf7 Kh7 11. Qd3 g6 12. Ne5 d6 13. Nf3 Ng4 14. Rf1 a5 15. h3 Nf6 16. O-O-O a4 17. a3 Nd7 18. Nd5 Ba5 19. Ne7 Nc5 20. Qe2 Bd7 21. Nh4 b5 22. Bd3 b4 23. Nhxg6 Rfb8 24. e5 bxa3 25. Nf8+ Kg7 26. bxa3 Bc3 27. Nxd7 Rb2 28. Qg4+ Kf7 29. Qc4+ Kxe7 30. Qxc3 Ra2 31. Nxc5 Rb8 32. exd6+ cxd6 33. Rfe1+ Kd8 34. Qf6+ Kc7 35. Na6+ 1-0

[Event "Trumpeter op"]
[Site "Grande Prairie CAN"]
[Date "2008.01.27"]
[Round "5"]
[White "Douglas, Trent"]
[Black "Pradzinski, Alex"]
[Result "0-1"]
[WhiteElo "1483"]
[BlackElo "1200"]
[PlyCount "70"]
[GameId "2160767910442444"]
[EventDate "2008.01.26"]
[EventType "swiss"]
[EventRounds "5"]
[EventCountry "CAN"]
[SourceTitle "EXT 2011"]
[Source "ChessBase"]
[SourceDate "2011.11.26"]
[SourceVersion "1"]
[SourceVersionDate "2011.11.26"]
[SourceQuality "1"]

1. d4 d5 2. Bf4 Nc6 3. e3 e6 4. Nc3 Bb4 5. Qd2 Nf6 6. a3 Ne4 7. Qd3 Bxc3+ 8. bxc3 O-O 9. c4 b6 10. cxd5 exd5 11. f3 Bf5 12. fxe4 Bxe4 13. Qc3 Na5 14. Nf3 Nc4 15. Bxc4 dxc4 16. Qxc4 Qd5 17. Qxd5 Bxd5 18. Kf2 h6 19. Bxc7 Rac8 20. Bd6 Rxc2+ 21. Kg3 Re8 22. Bf4 g5 23. Be5 Kh7 24. h4 Kg6 25. hxg5 hxg5 26. Rh2 f6 27. Bd6 Rxe3 28. Re1 Ree2 29. Rxe2 Rxe2 30. Rh3 Kf5 31. Kh2 g4 32. Ng1 Rxg2+ 33. Kh1 gxh3 34. Nxh3 Kg4 35. Ng1 Rf2+ 0-1

[Event "Trumpeter op"]
[Site "Grande Prairie CAN"]
[Date "2008.01.27"]
[Round "5"]
[White "Hansen, Eric"]
[Black "Rekhson, Vladislav"]
[Result "1-0"]
[WhiteElo "2286"]
[BlackElo "2106"]
[PlyCount "103"]
[GameId "2160767910442446"]
[EventDate "2008.01.26"]
[EventType "swiss"]
[EventRounds "5"]
[EventCountry "CAN"]
[SourceTitle "EXT 2011"]
[Source "ChessBase"]
[SourceDate "2011.11.26"]
[SourceVersion "1"]
[SourceVersionDate "2011.11.26"]
[SourceQuality "1"]

1. e4 e5 2. Nf3 Nf6 3. Nxe5 d6 4. Nf3 Nxe4 5. Nc3 Nxc3 6. dxc3 Be7 7. Be3 Nc6 8. Qd2 Bg4 9. Be2 Qd7 10. O-O-O O-O-O 11. Kb1 Kb8 12. h3 Bxf3 13. Bxf3 Bf6 14. Bg4 Qe7 15. Rhe1 Qf8 16. f4 g6 17. Bf3 Bg7 18. Qd3 Re8 19. Qc4 Nd8 20. Bxa7+ Kxa7 21. Qxc7 Bh6 22. Rxe8 Qxe8 23. Rxd6 Qe1+ 24. Rd1 Re8 25. Qxd8 Rxd8 26. Rxe1 Rd7 27. f5 gxf5 28. Re5 Bf4 29. Rxf5 Re7 30. a4 Be5 31. Ka2 f6 32. Rh5 Bf4 33. Rh4 Bg5 34. Rb4 Bd2 35. Kb3 Rc7 36. Rxb7+ Rxb7+ 37. Bxb7 Kxb7 38. Kc4 Bc1 39. b4 Bd2 40. a5 Ka6 41. Kb3 Be1 42. c4 Bd2 43. c5 h5 44. c4 h4 45. c6 Bf4 46. Ka4 f5 47. c5 Be3 48. b5+ Ka7 49. b6+ Ka6 50. c7 Kb7 51. a6+ Kc8 52. a7 1-0

[Event "Trumpeter op"]
[Site "Grande Prairie CAN"]
[Date "2008.01.27"]
[Round "5"]
[White "Hughey, Micah"]
[Black "Tot, Nandor"]
[Result "1-0"]
[WhiteElo "2056"]
[BlackElo "1929"]
[PlyCount "65"]
[GameId "2160767910442447"]
[EventDate "2008.01.26"]
[EventType "swiss"]
[EventRounds "5"]
[EventCountry "CAN"]
[SourceTitle "EXT 2011"]
[Source "ChessBase"]
[SourceDate "2011.11.26"]
[SourceVersion "1"]
[SourceVersionDate "2011.11.26"]
[SourceQuality "1"]

1. e4 c5 2. c3 d5 3. exd5 Qxd5 4. d4 Nf6 5. Nf3 e6 6. Be3 cxd4 7. cxd4 Bb4+ 8. Nc3 O-O 9. Bd3 Nc6 10. a3 Bxc3+ 11. bxc3 Qa5 12. O-O Qxc3 13. Qd2 Qa5 14. Rfc1 Qh5 15. Rc5 Nd5 16. Rb1 f5 17. Qc2 Nxe3 18. fxe3 Qh6 19. Kf2 Ne7 20. Bc4 Kh8 21. Rc7 Ng6 22. d5 e5 23. Qc3 e4 24. Ng5 Ne5 25. Qxe5 Qxg5 26. d6 b5 27. Bxb5 Rb8 28. Rbc1 Rxb5 29. Rxc8 Qh4+ 30. Kg1 Rb8 31. d7 Qg5 32. Qxb8 Qxe3+ 33. Kh1 1-0

[Event "Trumpeter op"]
[Site "Grande Prairie CAN"]
[Date "2008.01.27"]
[Round "5"]
[White "Kazakevich, Anastasia"]
[Black "Pedersen, Rick"]
[Result "1-0"]
[WhiteElo "2152"]
[BlackElo "1946"]
[PlyCount "65"]
[GameId "2160767910442448"]
[EventDate "2008.01.26"]
[EventType "swiss"]
[EventRounds "5"]
[EventCountry "CAN"]
[SourceTitle "EXT 2011"]
[Source "ChessBase"]
[SourceDate "2011.11.26"]
[SourceVersion "1"]
[SourceVersionDate "2011.11.26"]
[SourceQuality "1"]

1. d4 Nf6 2. c4 g6 3. Nc3 Bg7 4. e4 d6 5. Bd3 e5 6. d5 O-O 7. f3 c5 8. Be3 Ne8 9. Nge2 f5 10. O-O f4 11. Bf2 Nd7 12. a3 g5 13. Kh1 Ndf6 14. b4 b6 15. b5 Nh5 16. h3 Rf6 17. a4 Rh6 18. Ng1 Nef6 19. Be2 Qe8 20. a5 Rb8 21. axb6 axb6 22. Na4 Qg6 23. Nxb6 g4 24. Nxc8 gxh3 25. Ne7+ Kf7 26. Nxg6 h2 27. Nxe5+ dxe5 28. Nh3 Ng3+ 29. Kxh2 Nfh5 30. Ra7+ Kg8 31. Bxg3 Nxg3 32. Qa4 Bf8 33. Re1 1-0